000 00444nam a22001817a 4500
003 MPLRDC
005 20220104125427.0
008 210129b ||||| |||| 00| 0 eng d
082 _a857.9 WRA-2 v.9C
100 _a温瑞安
245 _a逆水寒. 三
_c
250 _a再版
260 _a
_b敦煌出版社
_c1988
300 _b
490 _a温瑞安武侠小说系列. 9
650 _a武侠小说
942 _cBK
_o857.9 WRA-2 v.9C
999 _c27276
_d27266